Fénelon: talking with God

Shranjeno v:
Bibliografske podrobnosti
Glavni avtor: Fénelon, Francois
Format: Knjiga
Jezik:Undetermined
Izdano: Massachusetts, Estados Unidos Paraclete Press 1997
Teme:
Oznake: Označite
Brez oznak, prvi označite!

MARC

LEADER 00000nam a2200000Ia 4500
008 170316s9999 xx 000 0 und d
090 |a 230 F-1.1t 
100 |a Fénelon, Francois 
245 |a Fénelon: talking with God 
260 |a Massachusetts, Estados Unidos 
260 |b Paraclete Press 
260 |c 1997 
300 |a 142 páginas 
650 |a TEOLOGÍA 
999 |c 18009  |d 18009 
040 |a cru BVZT 
942 |c 15 D  |h 230 F-1.1t  |2 z